Normal view
MARC view
- Aziz K. K
Entry Personal Name
001 - CONTROL NUMBER
- control field: 9912
003 - CONTROL NUMBER IDENTIFIER
- control field: NUST
005 - DATE AND TIME OF LATEST TRANSACTION
- control field: 20180124171932.0
008 - FIXED-LENGTH DATA ELEMENTS
- fixed length control field: 180124|| aca||aabn | a|a d
040 ## - CATALOGING SOURCE
- Original cataloging agency: NUST
- Transcribing agency: NUST
100 ## - HEADING--PERSONAL NAME
- Personal name: Aziz K. K
670 ## - SOURCE DATA FOUND
- Source citation: Work cat.: (NUST)326356: Aziz K. K, Making of Pakistan: a study in nationalism English, Sang-e-Meel Publications
